|
|
|
|
| LEADER |
00000nas a2200000 a 4500 |
| 001 |
ssj0015605 |
| 003 |
WaSeSS |
| 005 |
20200512172242.0 |
| 006 |
m d |
| 007 |
cr n |
| 008 |
020816c20009999maumr pss 0 a0eng c |
| 010 |
|
|
|a 2005235825
|
| 022 |
|
|
|y 1536-2256
|
| 035 |
|
|
|a (WaSeSS)ssj0015605
|
| 040 |
|
|
|a BNG
|b eng
|c BNG
|d OCLCQ
|d HUL
|d DLC
|d OCLCQ
|d COO
|d OCLCO
|d OCLCF
|d OCLCO
|d WaSeSS
|
| 042 |
|
|
|a pcc
|
| 050 |
0 |
0 |
|a HF5548.32
|
| 050 |
|
4 |
|a HF1
|b .D228
|
| 130 |
0 |
|
|a Darwin (Framingham, Mass. : Online)
|
| 245 |
1 |
0 |
|a Darwin
|h [electronic resource].
|
| 246 |
3 |
|
|a Business evolving in the information age
|
| 246 |
3 |
|
|a Darwin magazine
|
| 260 |
|
|
|a Framingham, MA :
|b CXO Media,
|c [2000]-
|
| 310 |
|
|
|a Monthly,
|b Feb. 2001-
|
| 321 |
|
|
|a Bimonthly,
|b June/July 2000-Dec. 2000
|
| 362 |
0 |
|
|a Vol. 1, no. 1 (June/July 2000)-
|
| 500 |
|
|
|a Title from ProQuest full text title list (viewed Aug. 16, 2002).
|
| 506 |
|
|
|a License restrictions may limit access.
|
| 520 |
|
|
|a Darwin magazine's editorial mission is to demystify technology for heavy-hitting executives who did not "grow up in technology" but need to understand technology concepts in order to make smart business decisions.
|
| 538 |
|
|
|a Mode of access: World Wide Web.
|
| 588 |
|
|
|a Latest issue consulted: Oct. 2005 (viewed publisher's Web site, Mar. 17, 2006).
|
| 650 |
|
0 |
|a Electronic commerce
|v Periodicals.
|
| 650 |
|
0 |
|a Management information systems
|v Periodicals.
|
| 650 |
|
0 |
|a Executives
|v Periodicals.
|
| 650 |
|
0 |
|a Information resources management
|v Periodicals.
|
| 650 |
|
7 |
|a Electronic commerce.
|2 fast
|0 (OCoLC)fst00906906
|
| 650 |
|
7 |
|a Executives.
|2 fast
|0 (OCoLC)fst00917875
|
| 650 |
|
7 |
|a Information resources management.
|2 fast
|0 (OCoLC)fst00972603
|
| 650 |
|
7 |
|a Management information systems.
|2 fast
|0 (OCoLC)fst01007271
|
| 655 |
|
0 |
|a Electronic journals.
|
| 780 |
0 |
0 |
|t Darwin (Framingham, Mass.)
|x 1536-2256
|w (DLC) 2001215184
|w (OCoLC)45739474
|
| 850 |
|
|
|a DLC
|
| 856 |
4 |
0 |
|z Full text available from Research Library: 01/01/2002 to 03/31/2002
|u https://search.proquest.com/publication/25636
|